000 00338nam a2200109Ia 4500
008 180315s9999 xx 000 0 und d
020 _a9780071791489
100 _aZenger, John H.
245 _aHow to be exceptional :
_bdrive leadership success by magnifying your strengths
260 _aUSA :
_b2012
_cmcGrawHill
300 _aiii, 221 pages
999 _c356299
_d356299